Регионална библиотека "Любен Каравелов" - Русе

Възрожденски и революционни песни (Запис номер 167401)

MARC детайли
000 -Лидер
Контролно поле с фиксирана дължина 00991nam a2200277 c 4500
003 - Код на организацията, давaща контролен номер
Контролно поле BLK
005 - Дата и час на последна редакция
Контролно поле 20210617111126.0
008 - Елементи от данни с фиксирана дължина
fixed length control field 180411b bul|||||r ||||||| ||bul||
010 ## - Наследен системен номер
LC control number KNG00175203000
040 ## - Източник на каталожния запис
Идентификатор на билиотеката - собственик на записа BLK
041 ## - Код за език
Код за езика на текст/звукозапис или на отделно заглавие Български
Код за езика КДБФ Български
080 ## - УДК
Текстов определител УДК Българска литература
УДК код - определител по УДК 821.163.2
УДК определител -1
УДК - код + определител 821.163.2-1
139 ## - Редно поле
Редна дума Жабленски, Асен
Авторски знак Жа - Ж 12
245 10 - Сведения за заглавието
Заглавие Възрожденски и революционни песни
Подзаглавни данни Сб. текстове
Редно поле (дума) състав. и ред. Асен Жабленски.
257 ## - Страна на издаване
Страна на създаване/издаване България
260 ## - Област на издателските данни
-- София
Име на издателя, разпространителя и проч. Наука и изкуство
Година на издаване 1968
300 ## - Физическа характеристика
Страници 115 с.
Размери/Мащаб 18 см
380 ## - Жанр
Жанр Худож. лит.
500 ## - Общи забележки
Забележка Авт. не е означен на кор. - 1090 тир.
700 1# - Други автори (авторска отговорност)
Лично име Жабленски, Асен
Автороска отговорност (Описва отношението между автора и произведението) състав. и ред.
9 (RLIN) 67792
852 ## - Местоположение
Форматна сигнатура Цб І 10651
856 4# - Електронен адрес и достъп
Електронен формат pdf - файл
Път до файла /url/
856 4# - Електронен адрес и достъп
Електронен формат pdf - файл
Път до файла /url/
942 ## - АРТИКУЛИ
Вид на библиотечния материал Книги
Скрит в OPAC Не
Koha issues (borrowed), all copies 1
944 ## - СЪЗДАВАНЕ И РЕДАКЦИЯ на ЗАПИСА
Създаване/Редакция Създаване
Дата на регистрацията/редакция 14.05.2015
Служител, извършил регистрацията/редакцията Милена_Ачева
944 ## - СЪЗДАВАНЕ И РЕДАКЦИЯ на ЗАПИСА
Създаване/Редакция Редакция
Дата на регистрацията/редакция 17.10.2016
Служител, извършил регистрацията/редакцията Кети_Илиева
999 ## - СИСТЕМНИ КОНТРОЛНИ НОМЕРА
Koha biblionumber 167401
Koha biblioitemnumber 167401
Наличности
Код за отписване Код за изгубен артикул Източник на класификационната схема Код за повреда Коз за рестрикции Код за отдаване Артикулен № Име на библиотеката - собственик Име на библиотеката, в която се намира в момента Статус (Текущо местоположение) Дата на вписване в системата Местоположение - отдел Цена в лева Инвентарен номер Систематично азбучна сигнатура Баркод Номер на екземпляра Цена в евро Служебна бележка Служебен тип на артикула
  Не е изгубен Universal Decimal Classification Не е повреден без рестрикции ползва се в читалня 281958 Регионална библиотека "Любен Каравелов" Русе Регионална библиотека "Любен Каравелов" Русе Хранилище 1968-01-01 Хранилище 0.34 48017 Цб І 10651 120000048017 1 0.17 Дост: Dp Вид: Д N: стар фонд Дата: 01.01.1968 Книги
Изтеглен Не е изгубен Universal Decimal Classification Не е повреден без рестрикции заемане за дома 281959 Регионална библиотека "Любен Каравелов" Русе Регионална библиотека "Любен Каравелов" Русе Заемна - подръчен фонд 1968-01-01 Заемна - подръчен фонд 0.34 48932 П 886.7-1/Ж 12 48932 2 0.17 Вид: Сф N: стар фонд Дата: 01.01.1968 Дата инв: 21.03.2018 Бележки инв: П2018 Книги
Изтеглен Не е изгубен Universal Decimal Classification Не е повреден без рестрикции заемане за дома 281961 Регионална библиотека "Любен Каравелов" Русе Регионална библиотека "Любен Каравелов" Русе Детски отдел 1968-01-01 Детски отдел 0.34 49030 ДХ 886.7/Ж 12 49030 4 0.17 Вид: Сф N: стар фонд Дата: 01.01.1968 Дата инв: 08.10.2015 Бележки инв: Д2015 Книги
  Не е изгубен Universal Decimal Classification Не е повреден без рестрикции заемане за дома 850777 Регионална библиотека "Любен Каравелов" Русе Регионална библиотека "Любен Каравелов" Русе Детски отдел 2021-08-30 Детски отдел 0.34 49029 ДХ 886.7-93/Ж 12 120000049029   0.17   Книги
Vip Innovations Ltd, Rousse, Bulgaria 2025